Lataa...

Java programming: advanced topics /

Bibliografiset tiedot
Päätekijä: Wigglesworth, Joe .
Muut tekijät: Lumby, Pauly .
Aineistotyyppi: Printed Book
Kieli:English
Julkaistu: Australia : Thomson Learning , 2000.
Aiheet:
LEADER 00799cam a2200241ua 4500
001 743
005 20191212161223.0
007 ta
008 080624s2000 g b000 u eng u
041 1 |a eng  |h NULL 
082 1 4 |a 005.133J  |b WIG 
100 1 |a  Wigglesworth, Joe . 
245 1 0 |a Java programming: advanced topics /   |c Joe Wigglesworth.  |h Textual Documents 
260 |a Australia :   |b Thomson Learning ,   |c 2000. 
300 |a NULL ;   |c NULL. 
541 |e 01863  
653 0 |a Java programming 
653 0 |a Programming languageJ 
700 1 |a Lumby, Pauly . 
852 1 |t 1  |p DCS01863   |k 005.133J  |f 00000  |m WIG 
942 |c BK 
999 |c 237472  |d 237472 
952 |0 0  |1 0  |4 0  |6 005_000000000000000_133J  |7 0  |9 251779  |a DCS  |b DCS  |d 2019-12-12  |f 00000  |l 0  |m 0  |o 005.133J  |p DCS01863   |r 2019-12-12  |t 1  |w 2019-12-12  |y BK